[Event "Tradewise Hastings Masters 15-16"]
[Site "Hastings, England"]
[Date "2015.12.30"]
[Round "3.1"]
[White "Mista, Aleksander"]
[Black "Fodor, Tamas Jr"]
[Result "1-0"]
[WhiteElo "2567"]
[BlackElo "2492"]
[PlyCount "113"]
[EventDate "2015.??.??"]

1. e4 e6 2. d4 d5 3. Nd2 Be7 4. Ngf3 Nf6 5. Bd3 c5 6. exd5 Qxd5 7. dxc5 Qxc5 8.
O-O Nbd7 9. Nb3 Qc7 10. Bg5 b6 11. a4 a6 12. Bh4 Bd6 13. Bg3 Bxg3 14. hxg3 Bb7
15. Re1 O-O 16. Qe2 Rfd8 17. c3 e5 18. Ng5 Re8 19. Ne4 Nxe4 20. Bxe4 Bxe4 21.
Qxe4 Nf6 22. Qe3 a5 23. Red1 Re6 24. Nd2 e4 25. Nf1 h5 26. Qf4 Qxf4 27. gxf4
Ng4 28. Ne3 Nxe3 29. fxe3 Rc8 30. Rd5 g6 31. Rad1 Kg7 32. R1d4 Kf6 33. Rd6 Rce8
34. Rxe4 Rxd6 35. Rxe8 Rd2 36. b4 axb4 37. cxb4 Ra2 38. Rb8 Rxa4 39. Rxb6+ Kf5
40. Rb5+ Ke6 41. Kf2 Ra2+ 42. Kf3 h4 43. Rb6+ Ke7 44. b5 Rb2 45. Rb7+ Ke6 46.
e4 Rb3+ 47. Kg4 Rg3+ 48. Kxh4 Rxg2 49. Rb6+ Ke7 50. Rc6 f5 51. exf5 gxf5 52.
Kh5 Rg4 53. Rc4 Rg8 54. b6 Kf6 55. Rc6+ Kf7 56. b7 Rb8 57. Rb6 1-0

[Event "Tradewise Hastings Masters 15-16"]
[Site "Hastings, England"]
[Date "2015.12.30"]
[Round "3.2"]
[White "Vakhidov, Jahongir"]
[Black "Karthik, V. AP."]
[Result "1/2-1/2"]
[WhiteElo "2546"]
[BlackElo "2310"]
[PlyCount "81"]
[EventDate "2015.??.??"]

1. c4 c5 2. Nf3 Nf6 3. Nc3 b6 4. e4 d6 5. d4 cxd4 6. Nxd4 Bb7 7. f3 e6 8. Be2
Be7 9. O-O O-O 10. Be3 a6 11. a4 Re8 12. Qd2 Nbd7 13. a5 d5 14. cxd5 exd5 15.
exd5 Bb4 16. axb6 Nxd5 17. Bf2 N7xb6 18. Bd3 Rc8 19. Nde2 Ne3 20. Bxe3 Rxe3 21.
Rad1 Qe7 22. Kh1 g6 23. Be4 Nc4 24. Qd4 Bxe4 25. fxe4 Qe5 26. Qa7 Rf8 27. Qxa6
Nxb2 28. Rd5 Qe6 29. Qb5 Bxc3 30. Nxc3 Rxc3 31. Qxb2 Qxe4 32. Qxc3 Qxd5 33. h3
Re8 34. Qf3 Qxf3 35. Rxf3 h5 36. Kh2 Kg7 37. h4 Re2 38. Kh3 Rd2 39. Ra3 Re2 40.
Rf3 Kf8 41. Ra3 1/2-1/2

[Event "Tradewise Hastings Masters 15-16"]
[Site "Hastings, England"]
[Date "2015.12.30"]
[Round "3.3"]
[White "Berkes, Ferenc"]
[Black "Gluckman, Paul"]
[Result "1-0"]
[WhiteElo "2650"]
[BlackElo "1742"]
[PlyCount "85"]
[EventDate "2015.??.??"]

1. c4 e6 2. d4 f5 3. Nf3 Nf6 4. g3 d5 5. Bg2 c6 6. O-O Bd6 7. b3 Qe7 8. a4 O-O
9. Ba3 Bxa3 10. Nxa3 Nbd7 11. e3 Ne4 12. Nc2 Ndf6 13. Ne5 Bd7 14. b4 Nd6 15.
Qd3 Be8 16. Rab1 Nd7 17. c5 Nf7 18. Nxf7 Qxf7 19. f4 a6 20. b5 axb5 21. axb5
Nf6 22. b6 Qh5 23. Ra1 Rxa1 24. Rxa1 Bd7 25. Ne1 Bc8 26. Nf3 Nd7 27. Ra7 Qe8
28. Qa3 Qe7 29. Bf1 Re8 30. Ra8 h6 31. Qa7 Kh7 32. Bd3 Kg8 33. Kg2 Kf8 34. h4
Rd8 35. Ba6 bxa6 36. Qc7 Nxc5 37. Qxe7+ Kxe7 38. dxc5 Bb7 39. Ra7 Rb8 40. Nd4
Kd7 41. Nb3 Kc8 42. Na5 Ba8 43. Rxg7 1-0

[Event "Tradewise Hastings Masters 15-16"]
[Site "Hastings, England"]
[Date "2015.12.30"]
[Round "3.4"]
[White "Sarkar, Justin"]
[Black "Khenkin, Igor"]
[Result "1-0"]
[WhiteElo "2407"]
[BlackElo "2605"]
[PlyCount "79"]
[EventDate "2015.??.??"]

1. d4 Nf6 2. c4 e6 3. Nc3 Bb4 4. Qc2 d5 5. cxd5 exd5 6. Bg5 c5 7. dxc5 h6 8.
Bh4 O-O 9. e3 Be6 10. a3 Bxc5 11. Rd1 Nbd7 12. Nf3 Rc8 13. Bb5 Be7 14. Bxd7
Qxd7 15. Bxf6 Bxf6 16. Nd4 Rc4 17. O-O Rfc8 18. Rd2 b5 19. Qb3 a6 20. Nce2 Bf5
21. Nxf5 Qxf5 22. Qd1 Rc2 23. Nd4 Rxd2 24. Qxd2 Qe4 25. Rc1 Rxc1+ 26. Qxc1 Bxd4
27. exd4 h5 28. h4 g6 29. Qc3 Qxh4 30. Qc8+ Kg7 31. Qxa6 Qxd4 32. Qxb5 Qd1+ 33.
Kh2 Qd2 34. a4 Qxf2 35. a5 Qh4+ 36. Kg1 Qe1+ 37. Kh2 Qh4+ 38. Kg1 Qe1+ 39. Kh2
Qe5+ 40. Kh1 $138 1-0

[Event "Tradewise Hastings Masters 15-16"]
[Site "Hastings, England"]
[Date "2015.12.30"]
[Round "3.5"]
[White "Bagi, Mate"]
[Black "Pap, Gyula"]
[Result "1/2-1/2"]
[WhiteElo "2440"]
[BlackElo "2551"]
[PlyCount "113"]
[EventDate "2015.??.??"]

1. e4 c5 2. Nf3 e6 3. d4 cxd4 4. Nxd4 a6 5. Be2 Nf6 6. Nc3 Qc7 7. f4 Bb4 8. e5
Bxc3+ 9. bxc3 Qxc3+ 10. Qd2 Ne4 11. Qxc3 Nxc3 12. Bf3 Nb5 13. Nb3 d5 14. exd6
Nxd6 15. Na5 Nd7 16. Bb2 Nf5 17. O-O-O O-O 18. Ba3 Re8 19. Nxb7 Ra7 20. Bc6
Rxb7 21. Bxb7 Bxb7 22. Rxd7 Bxg2 23. Re1 h5 24. Rd2 Bc6 25. c4 h4 26. Bc5 h3
27. Red1 f6 28. Rd8 Kf7 29. Rxe8 Kxe8 30. Rd3 Bg2 31. Bf2 g5 32. fxg5 fxg5 33.
Ra3 g4 34. Kd2 e5 35. Bg3 e4 36. Bf4 Bf3 37. Ra5 Nh4 38. Bg3 Ng2 39. Re5+ Kd7
40. a3 e3+ 41. Kd3 e2 42. Rxe2 Bxe2+ 43. Kxe2 Ke6 44. Kd3 Kf5 45. c5 Nf4+ 46.
Bxf4 Kxf4 47. c6 g3 48. hxg3+ Kxg3 49. c7 h2 50. c8=Q h1=Q 51. Qc7+ Kg4 52.
Qd7+ Kf4 53. Qf7+ Ke5 54. Qe7+ Kf5 55. Qf7+ Ke5 56. Qe7+ Kf5 57. Qf7+ 1/2-1/2

[Event "Tradewise Hastings Masters 15-16"]
[Site "Hastings, England"]
[Date "2015.12.30"]
[Round "3.6"]
[White "Krishna C R G"]
[Black "Sulskis, Sarunas"]
[Result "1/2-1/2"]
[WhiteElo "2367"]
[BlackElo "2535"]
[PlyCount "118"]
[EventDate "2015.??.??"]

1. d4 Nf6 2. c4 c5 3. Nf3 cxd4 4. Nxd4 e5 5. Nc2 d5 6. cxd5 Qxd5 7. Qxd5 Nxd5
8. g3 Nc6 9. Bg2 Ncb4 10. Nxb4 Bxb4+ 11. Bd2 Be6 12. O-O Bxd2 13. Nxd2 Ke7 14.
Rfd1 Rhd8 15. Nc4 Nc3 16. bxc3 Bxc4 17. Bxb7 Rxd1+ 18. Rxd1 Rd8 19. Rxd8 Kxd8
20. a3 Bxe2 21. f4 Ke7 22. Bd5 exf4 23. gxf4 Bh5 24. Kf2 Kd6 25. Bb3 Kc5 26.
Ke3 Bg6 27. h3 a5 28. h4 f6 29. Bg8 Bf5 30. Bb3 Bg6 31. Bg8 Bf5 32. Bb3 h6 33.
Bf7 g5 34. fxg5 fxg5 35. hxg5 hxg5 36. Bb3 Bg6 37. Bg8 Bc2 38. Be6 Bd1 39. Kd2
Ba4 40. Kd3 Kd6 41. Bg4 Bd7 42. Be2 Kc5 43. Ke3 Bb5 44. Bg4 Bf1 45. Be6 Bg2 46.
Kd3 Bf3 47. Bd7 Bb7 48. Bg4 Bc6 49. Be6 Kb5 50. Kd4 Ka4 51. Kc5 Bf3 52. Kb6 Bd1
53. Bd7+ Kxa3 54. Kxa5 Be2 55. Be6 g4 56. Bxg4 Bxg4 57. c4 Kb3 58. c5 Kc4 59.
Ka4 Kxc5 1/2-1/2

[Event "Tradewise Hastings Masters 15-16"]
[Site "Hastings, England"]
[Date "2015.12.30"]
[Round "3.7"]
[White "Gormally, Daniel W"]
[Black "Snape, Ian L"]
[Result "1-0"]
[WhiteElo "2506"]
[BlackElo "2168"]
[PlyCount "73"]
[EventDate "2015.??.??"]

1. Nf3 g6 2. e4 c5 3. c3 d6 4. d4 Nd7 5. Bd3 Bg7 6. O-O Qc7 7. Re1 a6 8. a4 e5
9. dxe5 dxe5 10. Nbd2 Ngf6 11. Nc4 O-O 12. a5 Re8 13. Bc2 h6 14. Qd6 Qxd6 15.
Nxd6 Re6 16. Rd1 Bf8 17. Nc4 Rb8 18. h3 Kg7 19. Nfxe5 b5 20. axb6 Nxe5 21. Nxe5
Bb7 22. Nc4 Bxe4 23. Bxe4 Rxe4 24. b3 Rbe8 25. Be3 R4e6 26. Rxa6 Ne4 27. Rd7
Nxc3 28. Raa7 Nb5 29. Ra5 Nd6 30. b7 Nxc4 31. bxc4 Rd6 32. Rxd6 Bxd6 33. Ra8
Re4 34. Rd8 Be5 35. Re8 Bh2+ 36. Kxh2 Rxe8 37. Bf4 1-0

[Event "Tradewise Hastings Masters 15-16"]
[Site "Hastings, England"]
[Date "2015.12.30"]
[Round "3.8"]
[White "Arkell, Keith C"]
[Black "Cunningham, Robin"]
[Result "1-0"]
[WhiteElo "2490"]
[BlackElo "2205"]
[PlyCount "119"]
[EventDate "2015.??.??"]

1. d4 f5 2. g3 Nf6 3. Bg2 g6 4. Nd2 Bg7 5. e4 fxe4 6. Nxe4 Nxe4 7. Bxe4 d5 8.
Bg2 Nc6 9. c3 O-O 10. f4 e6 11. Nf3 Ne7 12. O-O c5 13. dxc5 Qc7 14. Be3 Nf5 15.
Bf2 b6 16. cxb6 axb6 17. Re1 b5 18. a3 Bd7 19. Nd4 Ra6 20. Qd3 Qc4 21. Rad1
Qxd3 22. Rxd3 Rc8 23. Rd2 Kf7 24. Bf1 Nd6 25. Nf3 Nc4 26. Bxc4 bxc4 27. Bd4
Bxd4+ 28. Nxd4 Rb8 29. Ree2 Rab6 30. Nf3 Kf6 31. Kf2 h6 32. Ne5 Be8 33. g4 g5
34. Kg3 R8b7 35. h4 gxf4+ 36. Kxf4 Rg7 37. Rg2 Bg6 38. g5+ hxg5+ 39. hxg5+ Ke7
40. Rh2 Bd3 41. Rh8 Kd6 42. Rd8+ Kc7 43. Rf8 Kd6 44. Rh2 Rbb7 45. Rc8 Rbc7 46.
Rxc7 Kxc7 47. Rh8 Bf5 48. Rf8 Kd6 49. Rf7 Rg8 50. Rd7+ Kc5 51. Rb7 Bc2 52. a4
Rf8+ 53. Rf7 Rg8 54. Rc7+ Kd6 55. Ra7 Rf8+ 56. Nf7+ Kc5 57. Ke5 Bxa4 58. g6 Rg8
59. Kf6 Bc2 60. g7 1-0

[Event "Tradewise Hastings Masters 15-16"]
[Site "Hastings, England"]
[Date "2015.12.30"]
[Round "3.9"]
[White "Romanishin, Oleg M"]
[Black "Williams, Simon K"]
[Result "1-0"]
[WhiteElo "2462"]
[BlackElo "2439"]
[PlyCount "43"]
[EventDate "2015.??.??"]

1. d4 e6 2. Nf3 f5 3. g3 Nf6 4. Bg2 Be7 5. O-O O-O 6. c3 d6 7. Qb3 Nc6 8. a4
Qe8 9. a5 a6 10. Ng5 Bd8 11. Nd2 Kh8 12. e4 f4 13. d5 exd5 14. exd5 fxg3 15.
dxc6 Ng4 16. cxb7 Bxg5 17. bxa8=Q gxf2+ 18. Kh1 Nxh2 19. c4 Rf6 20. Qh3 Nxf1
21. Qaxc8 Ng3+ 22. Kh2 1-0

[Event "Tradewise Hastings Masters 15-16"]
[Site "Hastings, England"]
[Date "2015.12.30"]
[Round "3.10"]
[White "Eggleston, David J"]
[Black "Cafferty, Bernard"]
[Result "1-0"]
[WhiteElo "2396"]
[BlackElo "2096"]
[PlyCount "61"]
[EventDate "2015.??.??"]

1. e4 Nf6 2. e5 Nd5 3. d4 d6 4. Nf3 Bg4 5. Be2 e6 6. h3 Bh5 7. c4 Nb6 8. exd6
cxd6 9. Nc3 Be7 10. d5 e5 11. g4 Bg6 12. h4 h5 13. g5 N8d7 14. Be3 Rc8 15. b3
Nc5 16. Rg1 Qd7 17. Bxc5 Rxc5 18. Bd3 Nxd5 19. Na4 Nf4 20. Bxg6 fxg6 21. Nxc5
Qf5 22. Qb1 Qh3 23. Rg3 Qh1+ 24. Kd2 Qxb1 25. Rxb1 dxc5 26. Nxe5 O-O 27. Re1
Bd8 28. Kc2 Ba5 29. Re4 Ne6 30. Nd3 Nd4+ 31. Kd1 1-0

[Event "Tradewise Hastings Masters 15-16"]
[Site "Hastings, England"]
[Date "2015.12.30"]
[Round "3.11"]
[White "ter Steeg, Marcus"]
[Black "Hebden, Mark L"]
[Result "0-1"]
[WhiteElo "2036"]
[BlackElo "2469"]
[PlyCount "104"]
[EventDate "2015.??.??"]

1. d4 Nf6 2. c4 g6 3. Nc3 Bg7 4. e4 d6 5. Nf3 O-O 6. Be2 e5 7. O-O Nc6 8. d5
Ne7 9. b4 a5 10. Ba3 axb4 11. Bxb4 b6 12. a4 Re8 13. Qd3 Nf5 14. Nb5 Nd4 15. a5
bxa5 16. Bxa5 Nxf3+ 17. Bxf3 Rxa5 18. Rxa5 c6 19. Qa3 cxb5 20. Rxb5 Bf8 21. Qa5
Qe7 22. Rb8 Nd7 23. Ra8 Nc5 24. Rb1 f5 25. Rbb8 fxe4 26. Bg4 Bd7 27. Bxd7 Rxb8
28. Be6+ Qxe6 29. Rxb8 Qf6 30. Qd2 Qf4 31. Qc2 e3 32. fxe3 Qxe3+ 33. Qf2 Qxf2+
34. Kxf2 Kf7 35. Ra8 h5 36. Ra7+ Kf6 37. Ra8 Bh6 38. Rd8 Ke7 39. Rg8 Kf7 40.
Rd8 Bg5 41. Rc8 Bc1 42. Ra8 Bb2 43. Kf3 Bd4 44. Rc8 e4+ 45. Ke2 Nd3 46. g3 Bc5
47. Kd2 Ne5 48. Kc3 e3 49. Rc7+ Kf6 50. Rc8 Bb4+ 51. Kxb4 e2 52. Rf8+ Ke7 0-1

[Event "Tradewise Hastings Masters 15-16"]
[Site "Hastings, England"]
[Date "2015.12.30"]
[Round "3.12"]
[White "Bates, Richard A"]
[Black "Willson, Ollie"]
[Result "1/2-1/2"]
[WhiteElo "2331"]
[BlackElo "2033"]
[PlyCount "70"]
[EventDate "2015.??.??"]

1. d4 Nf6 2. Nf3 e6 3. c4 Bb4+ 4. Bd2 c5 5. Bxb4 cxb4 6. g3 b6 7. Bg2 Bb7 8.
O-O O-O 9. Qb3 a5 10. a3 Na6 11. axb4 Nxb4 12. Nc3 d6 13. Na2 Na6 14. Qa3 Qc7
15. Rac1 e5 16. e3 Rfe8 17. Rfd1 h6 18. Nc3 e4 19. Nb5 Qb8 20. Ne1 Nb4 21. c5
dxc5 22. dxc5 Bc6 23. Nd4 bxc5 24. Rxc5 Qb6 25. Rdc1 Bd7 26. Nb3 a4 27. Nd4
Nbd5 28. Qa2 Ra5 29. Nb3 Rb5 30. Rxb5 Bxb5 31. Nd4 Bd7 32. b3 axb3 33. Qxb3 Rb8
34. Qxb6 Rxb6 35. h3 Rb2 1/2-1/2

[Event "Tradewise Hastings Masters 15-16"]
[Site "Hastings, England"]
[Date "2015.12.30"]
[Round "3.13"]
[White "Ramstad, Havard"]
[Black "Flear, Glenn C"]
[Result "0-1"]
[WhiteElo "2026"]
[BlackElo "2459"]
[PlyCount "52"]
[EventDate "2015.??.??"]

1. d4 d5 2. Bf4 Nf6 3. e3 c5 4. c3 Nc6 5. Nf3 Qb6 6. Qb3 c4 7. Qxb6 axb6 8. Be2
Bf5 9. Nbd2 b5 10. O-O b4 11. Nh4 Bd7 12. e4 dxe4 13. Nxc4 Nd5 14. Bd2 bxc3 15.
bxc3 g5 16. Bxg5 Nxc3 17. Bh5 Nxd4 18. Be3 Bg7 19. Nb6 Ra5 20. Bxf7+ Kxf7 21.
Nxd7 Rd8 22. Nb6 Nc2 23. Rac1 Ne2+ 24. Kh1 Nxc1 25. Rxc1 Nxe3 26. fxe3 Bf6 0-1

[Event "Tradewise Hastings Masters 15-16"]
[Site "Hastings, England"]
[Date "2015.12.30"]
[Round "3.14"]
[White "Sikkel, Dirk"]
[Black "Nagy, Gabor"]
[Result "0-1"]
[WhiteElo "1991"]
[BlackElo "2403"]
[PlyCount "68"]
[EventDate "2015.??.??"]

1. e4 c5 2. Nf3 e6 3. b3 b6 4. Bb2 Bb7 5. Qe2 d6 6. g3 Nf6 7. d3 Be7 8. Bg2 O-O
9. O-O Nc6 10. Nbd2 Nd7 11. d4 cxd4 12. Nxd4 Rc8 13. Nxc6 Bxc6 14. c4 a6 15.
Rfd1 b5 16. Rac1 Qa5 17. a3 Qb6 18. b4 Qa7 19. Nb3 bxc4 20. Qxc4 Nb6 21. Qd3
Bb5 22. Qe3 Qb8 23. Na5 Na4 24. Bd4 e5 25. Ba1 Rxc1 26. Qxc1 Rc8 27. Qd2 Rc7
28. Bh3 h6 29. Kg2 Qa8 30. f3 Bg5 31. Qxd6 Rc2+ 32. Kh1 Be2 33. Rf1 Bxf1 34.
Bxf1 Rc1 0-1

[Event "Tradewise Hastings Masters 15-16"]
[Site "Hastings, England"]
[Date "2015.12.30"]
[Round "3.15"]
[White "Batchelor, Peter J"]
[Black "Rice, Chris B"]
[Result "1-0"]
[WhiteElo "2307"]
[BlackElo "1956"]
[PlyCount "77"]
[EventDate "2015.??.??"]

1. Nf3 d5 2. c4 c6 3. g3 Bg4 4. Bg2 e6 5. O-O Nf6 6. b3 Nbd7 7. Bb2 Bd6 8. d3
Qe7 9. Nbd2 O-O 10. Qc2 a5 11. Rfe1 e5 12. h3 Bxf3 13. exf3 Qd8 14. d4 Re8 15.
dxe5 Bxe5 16. Bxe5 Rxe5 17. Rxe5 Nxe5 18. f4 Ng6 19. Rd1 dxc4 20. Nxc4 Qe7 21.
h4 Qc5 22. a4 Ne7 23. Bf3 Ned5 24. Qd2 h6 25. g4 Nb4 26. Ne3 Re8 27. Qd4 Qxd4
28. Rxd4 Ra8 29. g5 hxg5 30. fxg5 Ne8 31. Rd7 Rb8 32. Nc4 b6 33. Ne5 f6 34.
Nxc6 Nxc6 35. Bxc6 fxg5 36. hxg5 Kh7 37. Be4+ Kg8 38. Bb7 Kf8 39. Bd5 1-0

[Event "Tradewise Hastings Masters 15-16"]
[Site "Hastings, England"]
[Date "2015.12.30"]
[Round "3.16"]
[White "Wadsworth, Matthew J"]
[Black "Golding, James"]
[Result "1-0"]
[WhiteElo "2273"]
[BlackElo "1882"]
[PlyCount "53"]
[EventDate "2015.??.??"]

1. c4 e6 2. g3 d5 3. Bg2 c5 4. Nf3 Nc6 5. O-O Nf6 6. b3 Be7 7. e3 O-O 8. Bb2 b6
9. Nc3 Bb7 10. cxd5 exd5 11. d4 Rc8 12. Rc1 Qd7 13. Ne5 Qe6 14. Ne2 Rfd8 15.
Nf4 Qd6 16. Nfd3 Qc7 17. dxc5 bxc5 18. Nxc5 Bxc5 19. Rxc5 Qd6 20. Nxc6 Rxc6 21.
Rxc6 Qxc6 22. Qd4 a6 23. Rc1 Qd7 24. Qb6 Ne8 25. Bh3 Qe7 26. Bd4 Qd6 27. Qxb7
1-0

[Event "Tradewise Hastings Masters 15-16"]
[Site "Hastings, England"]
[Date "2015.12.30"]
[Round "3.17"]
[White "Hand, Freddie"]
[Black "Radovanovic, Jovica"]
[Result "0-1"]
[WhiteElo "1878"]
[BlackElo "2321"]
[PlyCount "74"]
[EventDate "2015.??.??"]

1. d4 Nf6 2. c4 e6 3. Nc3 Bb4 4. e3 d5 5. a3 Be7 6. cxd5 exd5 7. Bd3 a5 8. Nge2
O-O 9. O-O Re8 10. Nf4 c6 11. f3 Bd6 12. Bc2 Bc7 13. Kh1 Na6 14. e4 dxe4 15.
fxe4 c5 16. e5 Ng4 17. Qf3 cxd4 18. e6 Rxe6 19. Nxe6 Bxe6 20. Ne4 Qh4 21. Bf4
Nxh2 22. g3 Qh3 23. Ng5 Qxf1+ 24. Qxf1 Nxf1 25. Bxh7+ Kf8 26. Rxf1 Bc4 27. Rf2
Rd8 28. Bxc7 Nxc7 29. Bg6 f6 30. Kh2 d3 31. Nf3 Ne6 32. Nd2 Ba6 33. Rf5 Rc8 34.
Rf2 Ng5 35. b4 Rc2 36. g4 axb4 37. axb4 Rxd2 0-1

[Event "Tradewise Hastings Masters 15-16"]
[Site "Hastings, England"]
[Date "2015.12.30"]
[Round "3.18"]
[White "Gaudeau, Valentin"]
[Black "Longson, Alexander"]
[Result "0-1"]
[WhiteElo "2080"]
[BlackElo "2320"]
[PlyCount "128"]
[EventDate "2015.??.??"]

1. d4 Nf6 2. Nf3 d5 3. c4 e6 4. g3 Bb4+ 5. Bd2 Bd6 6. Bg2 c6 7. Qc2 Nbd7 8. O-O
O-O 9. b3 Ne4 10. Bf4 Qe7 11. Nbd2 Bxf4 12. gxf4 Nxd2 13. Qxd2 b6 14. Rfc1 Bb7
15. Qe3 c5 16. f5 Rfe8 17. fxe6 Qxe6 18. Qxe6 Rxe6 19. e3 dxc4 20. Rxc4 Rf6 21.
Nh4 Bxg2 22. Kxg2 b5 23. Rc3 cxd4 24. exd4 Nb6 25. Rc5 Rd8 26. Nf3 Nd5 27. Rxb5
Nf4+ 28. Kg3 Ne2+ 29. Kg2 Nf4+ 30. Kg3 Ne2+ 31. Kg2 Rxf3 32. Re5 Nxd4 33. Rd1
Rf4 34. Kg3 f6 35. Re7 g5 36. Kg2 Rc8 37. Rd7 Ne6 38. Re1 Rc6 39. Re7 Rg4+ 40.
Kf3 Rf4+ 41. Kg2 Nf8 42. R1e2 Ng6 43. Rxa7 Ne5 44. h3 Rd4 45. Rb7 Rc1 46. a4
Rdd1 47. f3 Rg1+ 48. Kf2 Rgf1+ 49. Kg2 Rg1+ 50. Kf2 Rcf1+ 51. Ke3 Rxf3+ 52. Ke4
Rf4+ 53. Kd5 Rd1+ 54. Kc5 Rfd4 55. a5 Rd5+ 56. Kb6 Nd7+ 57. Rxd7 Rxd7 58. b4
R1d6+ 59. Kc5 Rd5+ 60. Kc6 R7d6+ 61. Kc7 Ra6 62. Kb7 Raxa5 63. bxa5 Rxa5 64.
Re3 Rc5 0-1

[Event "Tradewise Hastings Masters 15-16"]
[Site "Hastings, England"]
[Date "2015.12.30"]
[Round "3.19"]
[White "Atako, Chino C"]
[Black "Taylor, Adam C"]
[Result "1-0"]
[WhiteElo "2050"]
[BlackElo "2282"]
[PlyCount "91"]
[EventDate "2015.??.??"]

1. d4 d5 2. c4 c6 3. Nc3 Nf6 4. Nf3 dxc4 5. a4 Bf5 6. e3 e6 7. Bxc4 Bb4 8. O-O
O-O 9. h3 c5 10. Na2 Ba5 11. Qb3 Qc7 12. dxc5 Qxc5 13. Nd4 Nc6 14. Nxf5 Qxf5
15. Qb5 Ne5 16. Be2 a6 17. Qxb7 Rfb8 18. Qe7 Qc2 19. Bd1 Qe4 20. Qc5 Bb6 21.
Qc2 Qh4 22. b4 Rc8 23. Qe2 Ne4 24. Bb3 Nc3 25. Nxc3 Rxc3 26. Rb1 Rd8 27. Bd2
Rcd3 28. Rfd1 R3d6 29. Be1 Nd3 30. Bc2 Nxe1 31. Qxe1 Qc4 32. Rxd6 Rxd6 33. Bb3
Qe4 34. Rc1 g5 35. Rc8+ Rd8 36. Bc2 Qe5 37. Qc3 Qd6 38. g3 Qd7 39. Rc6 Rb8 40.
a5 Bd8 41. Rxa6 Qb7 42. Qd3 Kf8 43. Rd6 Bc7 44. Rd4 h5 45. Qh7 h4 46. Qh6+ 1-0

[Event "Tradewise Hastings Masters 15-16"]
[Site "Hastings, England"]
[Date "2015.12.30"]
[Round "3.20"]
[White "Oyama, Akito"]
[Black "Rudd, Jack"]
[Result "0-1"]
[WhiteElo "2005"]
[BlackElo "2255"]
[PlyCount "152"]
[EventDate "2015.??.??"]

1. e4 e5 2. Nf3 Nc6 3. c3 d5 4. Qa4 f6 5. Bb5 Nge7 6. exd5 Qxd5 7. d4 Bd7 8.
Be3 a6 9. c4 Qd6 10. d5 Qb4+ 11. Qxb4 Nxb4 12. Bxd7+ Kxd7 13. Kd2 a5 14. a3 Na6
15. b4 Nf5 16. c5 Be7 17. Nc3 axb4 18. axb4 Nxe3 19. c6+ bxc6 20. dxc6+ Ke6 21.
b5 Nc4+ 22. Kd3 Na3 23. bxa6 Rhd8+ 24. Ke2 Rxa6 25. Nb5 Rb6 26. Nxc7+ Kf7 27.
Rhd1 Rxd1 28. Rxd1 Rxc6 29. Rd7 Rd6 30. Rxd6 Bxd6 31. Nd5 Ke6 32. Ne3 Nb5 33.
Kd3 Be7 34. Nc4 Bc5 35. Ne3 Nd6 36. Ke2 h6 37. g4 e4 38. Nh4 Nb5 39. Nhf5 g6
40. Nh4 Nd4+ 41. Kf1 Kf7 42. Kg2 Bd6 43. Nd5 f5 44. gxf5 gxf5 45. f3 Ke6 46.
fxe4 fxe4 47. Nc3 Ke5 48. Kg3 Bb4 49. Ng6+ Kf6 50. Nd5+ Kxg6 51. Nxb4 Kf5 52.
Nd5 Ke5 53. Nc3 e3 54. Kg4 Nb5 55. Ne2 Ke4 56. Ng3+ Kd3 57. Kf5 Nd4+ 58. Kg6
Ne2 59. Nh5 Ke4 60. Kxh6 Kf5 61. Kg7 Kg5 62. Nf6 Nc3 63. Nd7 e2 64. Ne5 Kf4 65.
Nd3+ Ke3 66. Ne1 Nd5 67. h4 Nf4 68. Kf6 Kf2 69. Nc2 Ng2 70. h5 Ne3 71. h6 Nxc2
72. h7 e1=Q 73. Kg7 Qe7+ 74. Kg8 Qe8+ 75. Kg7 Nd4 76. h8=Q Nf5+ 0-1

[Event "Tradewise Hastings Masters 15-16"]
[Site "Hastings, England"]
[Date "2015.12.30"]
[Round "3.21"]
[White "Anderson, John"]
[Black "Norinkeviciute, Rasa"]
[Result "1/2-1/2"]
[WhiteElo "2247"]
[BlackElo "2036"]
[PlyCount "79"]
[EventDate "2015.??.??"]

1. e4 c5 2. Nf3 d6 3. Bb5+ Bd7 4. Bxd7+ Qxd7 5. c4 Nc6 6. d4 cxd4 7. Nxd4 g6 8.
b3 Bg7 9. Bb2 Nf6 10. Nc3 O-O 11. O-O Ne8 12. Nxc6 bxc6 13. Re1 Rd8 14. Qe2 Nc7
15. Rad1 Ne6 16. Na4 Qc7 17. Bxg7 Kxg7 18. Qd2 Qc8 19. Nc3 Kg8 20. Re3 Nf4 21.
Ne2 Qg4 22. Nxf4 Qxf4 23. Qc3 Qg4 24. f3 Qg5 25. Red3 Qc5+ 26. Qd4 Qxd4+ 27.
Rxd4 c5 28. Rd5 f6 29. f4 Kf7 30. Kf2 a5 31. f5 g5 32. h4 h6 33. Rh1 a4 34. Rd3
Ra8 35. hxg5 hxg5 36. Rh7+ Ke8 37. Ke3 Kd7 38. bxa4 Rxa4 39. Rb3 Ra7 40. g4
1/2-1/2

[Event "Tradewise Hastings Masters 15-16"]
[Site "Hastings, England"]
[Date "2015.12.30"]
[Round "3.22"]
[White "Gallagher, Daniel GH"]
[Black "Prosviriakov, Vladimir"]
[Result "1/2-1/2"]
[WhiteElo "2010"]
[BlackElo "2232"]
[PlyCount "40"]
[EventDate "2015.??.??"]

1. d4 e6 2. Nf3 f5 3. g3 Nf6 4. Bg2 d5 5. c4 c6 6. O-O Bd6 7. b3 Qe7 8. Ne5 O-O
9. Bb2 b6 10. cxd5 exd5 11. Qc2 Be6 12. Nxc6 Nxc6 13. Qxc6 Rac8 14. Qb5 Rc2 15.
Bc3 Bd7 16. Bxd5+ Nxd5 17. Qxd5+ Kh8 18. Re1 Bc8 19. Qc4 f4 20. Qd3 Bf5 1/2-1/2

[Event "Tradewise Hastings Masters 15-16"]
[Site "Hastings, England"]
[Date "2015.12.30"]
[Round "3.23"]
[White "Lyell, Mark"]
[Black "Larsen, Andreas"]
[Result "1-0"]
[WhiteElo "2228"]
[BlackElo "1998"]
[PlyCount "73"]
[EventDate "2015.??.??"]

1. e4 c6 2. d4 d5 3. exd5 cxd5 4. c4 Nf6 5. Nc3 Nc6 6. Bg5 e6 7. c5 Be7 8. Bb5
Nd7 9. Bxe7 Nxe7 10. Nf3 O-O 11. O-O Nf5 12. Re1 Qf6 13. Qa4 Rd8 14. Rad1 a6
15. Qa5 b6 16. cxb6 Nxb6 17. Qxb6 axb5 18. Qxb5 Ba6 19. Qb3 h5 20. Qc2 Rdc8 21.
Ne5 Qh4 22. Qd2 Rab8 23. b3 Rc7 24. Na4 Rbc8 25. Nc5 Bb5 26. a4 Be8 27. b4 Bxa4
28. Nf3 Qe7 29. Nxa4 Rc2 30. Qg5 Qxb4 31. Nc5 Qb2 32. Nd3 Qc3 33. Qxh5 Nxd4 34.
Ng5 Rc7 35. h3 g6 36. Qh7+ Kf8 37. Nf4 1-0

[Event "Tradewise Hastings Masters 15-16"]
[Site "Hastings, England"]
[Date "2015.12.30"]
[Round "3.24"]
[White "Pickersgill, Adrian O"]
[Black "Rolvag, Mikael"]
[Result "1/2-1/2"]
[WhiteElo "1986"]
[BlackElo "2221"]
[PlyCount "35"]
[EventDate "2015.??.??"]

1. e4 e6 2. d4 d5 3. Nc3 Bb4 4. e5 Ne7 5. a3 Bxc3+ 6. bxc3 c5 7. Nf3 h6 8. Bd3
b6 9. O-O Ba6 10. Re1 Qc7 11. a4 Bxd3 12. cxd3 Nd7 13. Ba3 O-O 14. dxc5 Nxc5
15. Nd4 a6 16. f4 Rac8 17. Rb1 Rfe8 18. Qc2 1/2-1/2

[Event "Tradewise Hastings Masters 15-16"]
[Site "Hastings, England"]
[Date "2015.12.30"]
[Round "3.25"]
[White "Gluckman, David"]
[Black "Golding, Alex"]
[Result "1/2-1/2"]
[WhiteElo "2219"]
[BlackElo "1955"]
[PlyCount "59"]
[EventDate "2015.??.??"]

1. e4 e5 2. Nf3 Nc6 3. Bc4 Nf6 4. d3 Be7 5. O-O O-O 6. Re1 d6 7. c3 Na5 8. Bb5
a6 9. Ba4 b5 10. Bc2 c5 11. Nbd2 Nc6 12. Nf1 d5 13. exd5 Qxd5 14. h3 h6 15. Ng3
Re8 16. Qe2 Bf8 17. Nh4 Bb7 18. Ne4 Nxe4 19. dxe4 Qe6 20. Nf5 Qg6 21. Kh2 Be7
22. Be3 c4 23. Red1 Bc8 24. a4 Be6 25. Nxe7+ Nxe7 26. Bc5 Qg5 27. Qe3 Qxe3 28.
Bxe3 Nc6 29. Rd6 Na5 30. Bb6 1/2-1/2

[Event "Tradewise Hastings Masters 15-16"]
[Site "Hastings, England"]
[Date "2015.12.30"]
[Round "3.26"]
[White "Brewer, Callum D"]
[Black "Ledger, Dave J"]
[Result "0-1"]
[WhiteElo "1945"]
[BlackElo "2212"]
[PlyCount "94"]
[EventDate "2015.??.??"]

1. e4 e5 2. Nf3 Nc6 3. d4 exd4 4. Nxd4 Nf6 5. Nc3 Bb4 6. Nxc6 bxc6 7. Bd3 d6 8.
O-O Ng4 9. Be2 Qh4 10. Bxg4 Qxg4 11. Qxg4 Bxg4 12. Be3 Bxc3 13. bxc3 Kd7 14.
Rab1 c5 15. a3 Rab8 16. f3 Be6 17. Kf2 Ba2 18. Rbd1 Kc6 19. Rd2 Rb2 20. Ra1
Rhb8 21. Bf4 f6 22. Bg3 Bb1 23. Ke3 Bxc2 24. Be1 Bb1 25. Rxb2 Rxb2 26. a4 Ba2
27. Bd2 Bc4 28. g3 a6 29. h4 Be6 30. g4 Bc4 31. g5 fxg5 32. hxg5 Ra2 33. Rxa2
Bxa2 34. f4 Bb3 35. Kd3 Bxa4 36. f5 d5 37. e5 Bb5+ 38. Kc2 d4 39. cxd4 cxd4 40.
f6 gxf6 41. exf6 Bc4 42. Ba5 Kd6 43. Bb4+ c5 44. Ba3 Bf7 45. Kd2 Kd5 46. Ke2 c4
47. Kf3 c3 0-1